Learning Resource and Development

The complete bichon frise / (Record no. 24056)

MARC details
000 -LEADER
fixed length control field 01039pam a2200301 a 4500
001 - CONTROL NUMBER
control field completebichonfr00stub
003 - CONTROL NUMBER IDENTIFIER
control field CaSfIA
005 - DATE AND TIME OF LATEST TRANSACTION
control field 20230525155238.0
007 - PHYSICAL DESCRIPTION FIXED FIELD--GENERAL INFORMATION
fixed length control field cr||||
008 - FIXED-LENGTH DATA ELEMENTS--GENERAL INFORMATION
fixed length control field 890824s1990 nyua b 000 0 eng
010 ## - LIBRARY OF CONGRESS CONTROL NUMBER
LC control number 89035294
040 ## - CATALOGING SOURCE
Original cataloging agency DLC
Transcribing agency DLC
Modifying agency BTCTA
-- BAKER
-- YDXCP
-- CaSfIA
020 ## - INTERNATIONAL STANDARD BOOK NUMBER
International Standard Book Number 0876050534
020 ## - INTERNATIONAL STANDARD BOOK NUMBER
International Standard Book Number 9780876050538
035 ## - SYSTEM CONTROL NUMBER
System control number (OCoLC)20352120
050 00 - LIBRARY OF CONGRESS CALL NUMBER
Classification number SF429.B52
Item number S78 1990
082 00 - DEWEY DECIMAL CLASSIFICATION NUMBER
Classification number 636.7/2
Edition number 20
029 1# - OTHER SYSTEM CONTROL NUMBER (OCLC)
OCLC library identifier NZ1
System control number 3664549
029 1# - OTHER SYSTEM CONTROL NUMBER (OCLC)
OCLC library identifier AU@
System control number 000006706638
100 1# - MAIN ENTRY--PERSONAL NAME
Personal name Stubbs, Barbara B.
245 14 - TITLE STATEMENT
Title The complete bichon frise /
Medium [electronic resource]
Statement of responsibility, etc. by Barbara B. Stubbs.
260 ## - PUBLICATION, DISTRIBUTION, ETC.
Place of publication, distribution, etc. New York :
Name of publisher, distributor, etc. Howell Book House,
Date of publication, distribution, etc. c1990.
300 ## - PHYSICAL DESCRIPTION
Extent vii, 280 p. :
Other physical details ill. ;
Dimensions 25 cm.
504 ## - BIBLIOGRAPHY, ETC. NOTE
Bibliography, etc. note Includes bibliographical references.
650 #0 - SUBJECT ADDED ENTRY--TOPICAL TERM
Topical term or geographic name entry element Bichon frise.
856 41 - ELECTRONIC LOCATION AND ACCESS
Uniform Resource Identifier <a href="http://www.archive.org/details/completebichonfr00stub">http://www.archive.org/details/completebichonfr00stub</a>
Public note Free eBook from the Internet Archive
856 42 - ELECTRONIC LOCATION AND ACCESS
Uniform Resource Identifier <a href="http://www.openlibrary.org/books/OL2212483M">http://www.openlibrary.org/books/OL2212483M</a>
Public note Additional information and access via Open Library
Holdings
Withdrawn status Lost status Damaged status Not for loan Collection Home library Current library Date acquired Total Checkouts Full call number Date last seen Price effective from Koha item type
        Project Gutenberg Main Library Main Library 05/25/2023   SF429.B52 S78 1990 05/25/2023 05/25/2023 EBooks